The managerial decision-making process / (Record no. 178452)

MARC details
000 -LEADER
fixed length control field 00619nam a2200205 4500
001 - CONTROL NUMBER
control field vtls001711960
003 - CONTROL NUMBER IDENTIFIER
control field MY-SjTCS
005 - DATE AND TIME OF LATEST TRANSACTION
control field 20200226121211.0
008 - FIXED-LENGTH DATA ELEMENTS--GENERAL INFORMATION
fixed length control field 110218t1999 mau 00 eng
020 ## - INTERNATIONAL STANDARD BOOK NUMBER
International Standard Book Number 0395908213
039 #9 - LEVEL OF BIBLIOGRAPHIC CONTROL AND CODING DETAIL [OBSOLETE]
Level of rules in bibliographic description 201908221428
Level of effort used to assign nonsubject heading access points ummi
Level of effort used to assign subject headings 201102181334
Level of effort used to assign classification VLOAD
-- 200407271907
-- VLOAD
082 04 - DEWEY DECIMAL CLASSIFICATION NUMBER
Classification number 658.403
Item number HAR
100 1# - MAIN ENTRY--PERSONAL NAME
Personal name Harrison, E. Frank,
Dates associated with a name 1929-
9 (RLIN) 10035
245 14 - TITLE STATEMENT
Title The managerial decision-making process /
Statement of responsibility, etc. E. Frank Harrison
250 ## - EDITION STATEMENT
Edition statement 5th ed.
260 ## - PUBLICATION, DISTRIBUTION, ETC.
Place of publication, distribution, etc. Boston :
Name of publisher, distributor, etc. Houghton Mifflin,
Date of publication, distribution, etc. c1999
300 ## - PHYSICAL DESCRIPTION
Extent xiv, 555 p. :
Dimensions 25 cm.
650 #0 - SUBJECT ADDED ENTRY--TOPICAL TERM
Topical term or geographic name entry element Decision making.
920 ## - Programme
Programme ADP : 93083
Holdings
Withdrawn status Lost status Source of classification or shelving scheme Damaged status Not for loan Home library Current library Date acquired Total Checkouts Barcode Date last seen Date last checked out Copy number Uniform Resource Identifier Koha item type Public note
    Dewey Decimal Classification     Taylor's Library-TU Taylor's Library-TU 27/07/2004 7 5000012504 12/12/2019 24/07/2013 1 Floor 4, Shelf 25 , Side 2, TierNo 3, BayNo 2 Main Collection SLASx,05000,03,GR